La Segunda Guerra Mundial
Uloženo v:
| Hlavní autor: | |
|---|---|
| Médium: | Kniha |
| Jazyk: | španělština |
| Vydáno: |
Madrid
Los Amigos de la Historia
1971
|
| Témata: | |
| Tagy: |
Přidat tag
Žádné tagy, Buďte první, kdo vytvoří štítek k tomuto záznamu!
|
MARC
| LEADER | 00000nam a2200000 a 4500 | ||
|---|---|---|---|
| 001 | UCT3057 | ||
| 003 | CL-VaPUC | ||
| 008 | 961018e19710000SP |||||||||||||||||spa|d | ||
| 082 | 0 | 4 | |a 940.53 |b BER |2 21 |
| 100 | 0 | |a Bertin, Claude |e author |9 372044 | |
| 245 | 1 | 3 | |a La Segunda Guerra Mundial |
| 300 | |a 18 v | ||
| 942 | |c BK | ||
| 945 | |d 19961018 00:00:00 |a cmena | ||
| 260 | |a Madrid |b Los Amigos de la Historia |c 1971 | ||
| 500 | |a v.1: La avalancha de los panzers | ||
| 500 | |a v.3: De Trípoli a Bir Hakeim | ||
| 500 | |a v.4: El drama de Pearl Harbor | ||
| 500 | |a v.5: La arrolladora intervención nipona | ||
| 500 | |a v.6: El apogeo de la Wehrmacht | ||
| 500 | |a v.7: La batalla de El Alamein | ||
| 500 | |a v.8: Guadalcanal | ||
| 500 | |a v.9: Stalingrado | ||
| 500 | |a v.10: Los últimos dias del Africa Korps | ||
| 500 | |a v.11: De Sicilia a Provenza | ||
| 500 | |a v.12: El Asia en llamas | ||
| 500 | |a v.13: Historia del desembarco | ||
| 500 | |a v.14: La batalla de Normandía | ||
| 500 | |a v.15: Avance hasta el Rhin | ||
| 500 | |a v.16: El III Reich agoniza | ||
| 500 | |a v.17: El final de la Alemania nazi | ||
| 500 | |a v.18: Hiroshima | ||
| 650 | 7 | |a GUERRA MUNDIAL |2 CL-VaPUC |9 346688 | |
| 650 | 0 | |a Historia |9 255047 | |
| 650 | 0 | |a Operaciones militares |9 372045 | |
| 650 | 0 | |a Genocidio |9 323090 | |
| 650 | 7 | |a MOVILIZACION MILITAR |2 CL-VaPUC |9 372046 | |
| 650 | 0 | |a Problemas sociales |9 258537 | |
| 650 | 0 | |a Violencia |9 255411 | |
| 650 | 0 | |a Conflicto internacional |9 341259 | |
| 650 | 0 | |a Relaciones interpersonales |9 307056 | |
| 583 | |a last modification |c 19961018 00:00:00 |k Rodrigo Vera | ||
| 999 | |c 252885 |d 252883 | ||
| 952 | |0 0 |1 0 |4 0 |6 940_530000000000000_BER_1971 |7 0 |8 X |9 273036 |a BIBCUR |b BIBCUR |d 2019-11-19 |h v.1 |i 1771094 |o 940.53 BER 1971 |p 1771094 |r 2025-04-22 |w 2019-11-19 |y BK_X |k BCB | ||
| 952 | |0 0 |1 0 |4 0 |6 940_530000000000000_BER_1971 |7 0 |8 X |9 273037 |a BIBCUR |b BIBCUR |d 2019-11-19 |h v.3 |i 1771108 |o 940.53 BER 1971 |p 1771108 |r 2025-04-22 |w 2019-11-19 |y BK_X |k BCB | ||
| 952 | |0 0 |1 0 |4 0 |6 940_530000000000000_BER_1971 |7 0 |8 X |9 273038 |a BIBCUR |b BIBCUR |d 2019-11-19 |h v.5 |i 1771124 |o 940.53 BER 1971 |p 1771124 |r 2025-04-22 |w 2019-11-19 |y BK_X |k BCB | ||
| 952 | |0 0 |1 0 |4 0 |6 940_530000000000000_BER_1971 |7 0 |8 X |9 273039 |a BIBCUR |b BIBCUR |d 2019-11-19 |h v.6 |i 1771132 |o 940.53 BER 1971 |p 1771132 |r 2025-04-22 |w 2019-11-19 |y BK_X |k BCB | ||
| 952 | |0 0 |1 0 |4 0 |6 940_530000000000000_BER_1971 |7 0 |8 X |9 273040 |a BIBCUR |b BIBCUR |d 2019-11-19 |h v.7 |i 1771140 |o 940.53 BER 1971 |p 1771140 |r 2025-04-22 |w 2019-11-19 |y BK_X |k BCB | ||
| 952 | |0 0 |1 0 |4 0 |6 940_530000000000000_BER_1971 |7 0 |8 X |9 273041 |a BIBCUR |b BIBCUR |d 2019-11-19 |h v.8 |i 1771159 |o 940.53 BER 1971 |p 1771159 |r 2025-04-22 |w 2019-11-19 |y BK_X |k BCB | ||
| 952 | |0 0 |1 0 |4 0 |6 940_530000000000000_BER_1971 |7 0 |8 X |9 273043 |a BIBCUR |b BIBCUR |d 2019-11-19 |h v.10 |i 1771175 |o 940.53 BER 1971 |p 1771175 |r 2025-04-22 |w 2019-11-19 |y BK_X |k BCB | ||
| 952 | |0 0 |1 0 |4 0 |6 940_530000000000000_BER_1971 |7 0 |8 X |9 273044 |a BIBCUR |b BIBCUR |d 2019-11-19 |h v.11 |i 1771183 |o 940.53 BER 1971 |p 1771183 |r 2025-04-22 |w 2019-11-19 |y BK_X |k BCB | ||
| 952 | |0 0 |1 0 |4 0 |6 940_530000000000000_BER_1971 |7 0 |8 X |9 273045 |a BIBCUR |b BIBCUR |d 2019-11-19 |h v.12 |i 1771191 |o 940.53 BER 1971 |p 1771191 |r 2025-04-22 |w 2019-11-19 |y BK_X |k BCB | ||
| 952 | |0 0 |1 0 |4 0 |6 940_530000000000000_BER_1971 |7 0 |8 X |9 273046 |a BIBCUR |b BIBCUR |d 2019-11-19 |h v.13 |i 1771205 |o 940.53 BER 1971 |p 1771205 |r 2025-04-22 |w 2019-11-19 |y BK_X |k BCB | ||
| 952 | |0 0 |1 0 |4 0 |6 940_530000000000000_BER_1971 |7 0 |8 X |9 273047 |a BIBCUR |b BIBCUR |d 2019-11-19 |h v.14 |i 1771213 |o 940.53 BER 1971 |p 1771213 |r 2025-04-22 |w 2019-11-19 |y BK_X |k BCB | ||
| 952 | |0 0 |1 0 |4 0 |6 940_530000000000000_BER_1971 |7 0 |8 X |9 273048 |a BIBCUR |b BIBCUR |d 2019-11-19 |h v.15 |i 1771221 |o 940.53 BER 1971 |p 1771221 |r 2025-04-22 |w 2019-11-19 |y BK_X |k BCB | ||
| 952 | |0 0 |1 0 |4 0 |6 940_530000000000000_BER_1971 |7 0 |8 X |9 273049 |a BIBCUR |b BIBCUR |d 2019-11-19 |h v.16 |i 177123K |o 940.53 BER 1971 |p 177123K |r 2025-04-22 |w 2019-11-19 |y BK_X |k BCB | ||
| 952 | |0 0 |1 0 |4 0 |6 940_530000000000000_BER_1971 |7 0 |8 X |9 273050 |a BIBCUR |b BIBCUR |d 2019-11-19 |h v.17 |i 1771248 |o 940.53 BER 1971 |p 1771248 |r 2025-04-22 |w 2019-11-19 |y BK_X |k BCB | ||
| 952 | |0 0 |1 0 |4 0 |6 940_530000000000000_BER_1971 |7 0 |8 X |9 273051 |a BIBCUR |b BIBCUR |d 2019-11-19 |h v.18 |i 1771256 |o 940.53 BER 1971 |p 1771256 |r 2025-04-22 |w 2019-11-19 |y BK_X |k BCB | ||